00781nam a2200217Ia 4500003000900000008004100009020002200050040001600072080001600088100003000104245012800134260004200262300001400304650001100318650002200329700003100351700002500382942000700407999001700414952013200431IN-BaIIA211028s9999 xx 000 0 eng d a978-0-19-957312-7 cIIA Library a535.14bLEW aLewenstein, Maciej934966 0aUltracold atoms in optical latticesbsimulating quantum many-body systemscMaciej Lewenstein, Anna Sanpera and V. Ahufinger aOxfordbOxford University Pressc2012 axiv, 479p aOptics aQuantum mechanics aAhufinger, Veronica934967 aSanpera, Anna934968 cBK c18267d18267 00104070aBANbBANcGENd2012-04-09eOUPB g4631.00l0o535.14/ LEWp19189r2021-11-05v4631.00w2012-04-09yBKGRs. 4631.00